00455nam a22001697a 4500003000500000005001700005008000400022020002300026040001400049082001800063100002100081245003600102260003200138300005700170490003200227504002600259322820251023152306.0eng a9781422235997qhbk aRDAc3228 0aJ 362.29 POOL aPoole, Hilary W. aAlcohol and tobaccocH.W. Poole aBroomallbMason Crestc2017 a64 pagesbIllustrations; some colourc24 centimeters aDrug addiction and recovery aIncludes bibliography